| 000 | 00456 a2200157 4500 | ||
|---|---|---|---|
| 999 |
_c321338 _d321338 |
||
| 001 | 86265 | ||
| 003 | NUST | ||
| 005 | 20180122103239.0 | ||
| 008 | 180122b xxu||||| |||| 00| 0 eng d | ||
| 020 | _a9780307718020 | ||
| 082 | _a327.73 SAN | ||
| 100 |
_aDavid E Sanger _99457 |
||
| 245 |
_aConfront and conceal : Obama's secret wars and surprising use of American power _cDavid E Sanger _hEnglish |
||
| 250 | _a1st | ||
| 260 |
_aNew York _bCrown Publishers _c2012 |
||
| 300 | _axx, 476 p. | ||
| 500 | _aGeneral Collection | ||
| 942 |
_aCAE NUST _cBK _k327.73 SAN _2ddc |
||